LEADER 01236nam a2200325 i 4500 001 991000836229707536 005 20020507174228.0 008 960424s1979 de ||| | eng 020 $a3540095225 035 $ab1076401x-39ule_inst 035 $aLE01303060$9ExL 040 $aDip.to Matematica$beng 082 0 $a51.08 082 0 $a512.55 084 $aAMS 46L10 100 1 $aNakagami, Yoshiomi$057407 245 10$aDuality for crossed products of von Neumann algebras /$cYoshiomi Nakagami, Masamichi Takesaki 260 $aBerlin :$bSpringer-Verlag,$c1979 300 $aix, 139 p. ;$c24 cm. 490 0 $aLecture notes in mathematics,$x0075-8434 ;$v731 500 $aBibliography: p. [136]-139 650 4$aDuality theory 650 4$aVon Neumann algebras-crossed products 700 1 $aTakesaki, Masamichi$eauthor$4http://id.loc.gov/vocabulary/relators/aut$0104892 907 $a.b1076401x$b23-02-17$c28-06-02 912 $a991000836229707536 945 $aLE013 46L NAK11 (1979)$g1$i2013000046709$lle013$o-$pE0.00$q-$rl$s- $t0$u0$v0$w0$x0$y.i10859548$z28-06-02 996 $aDuality for crossed products of von Neumann algebras$981097 997 $aUNISALENTO 998 $ale013$b01-01-96$cm$da $e-$feng$gde $h0$i1 LEADER 01915nam 2200589 450 001 9910798093303321 005 20230807205638.0 010 $a1-119-21661-3 010 $a1-119-21660-5 035 $a(CKB)3710000000539107 035 $a(EBL)4205882 035 $a(SSID)ssj0001634335 035 $a(PQKBManifestationID)16386221 035 $a(PQKBTitleCode)TC0001634335 035 $a(PQKBWorkID)14950198 035 $a(PQKB)10413369 035 $a(MiAaPQ)EBC4205882 035 $a(Au-PeEL)EBL4205882 035 $a(CaPaEBR)ebr11152498 035 $a(CaONFJC)MIL881817 035 $a(OCoLC)935251672 035 $a(EXLCZ)993710000000539107 100 $a20160217h20152015 uy 0 101 0 $aeng 135 $aur|n|---||||| 181 $ctxt 182 $cc 183 $acr 200 00$aAdoptees' ethnic identity within family and social contexts /$fElena L. Grigorenko [and three others], editors 210 1$aSan Francisco, California :$cJossey-Bass,$d2015. 210 4$dİ2015 215 $a1 online resource (119 p.) 225 1 $aNew Directions for Child and Adolescent Development ;$vNumber 150 300 $aDescription based upon print version of record. 311 $a1-119-21658-3 320 $aIncludes bibliographical references at the end of each chapters and index. 410 0$aNew directions for child and adolescent development ;$vNumber 150. 606 $aAdopted children$xPsychology 606 $aAdoptees$vIdentification 606 $aInterethnic adoption 615 0$aAdopted children$xPsychology. 615 0$aAdoptees 615 0$aInterethnic adoption. 676 $a649.145 702 $aGrigorenko$b Elena L. 801 0$bMiAaPQ 801 1$bMiAaPQ 801 2$bMiAaPQ 906 $aBOOK 912 $a9910798093303321 996 $aAdoptees' ethnic identity within family and social contexts$93858846 997 $aUNINA